000 00362 a2200157 4500
001 75438
020 _a97810064569
040 _cAnchieta - Colégio São Paulo
100 _aFerreira, Marieta de Moraes
240 1 0 _aHistória em curso
_lpor
245 1 0 _aHistória em curso
300 _a736
362 0 _a2016
650 4 _aHistória do mundo
942 _cBK
999 _c75438
_d75438